000 00950cam a2200277Ka 4500
005 20160622153601.0
008 160622m20022005sp gr 000 1 spa d
020 _a8496546489
020 _a9788496546486
035 _a(OCoLC)70706019
040 _aCO-BoUCM
_bspa
_cSandra Palacio
_dSandra Palacio
041 1 _aspa
100 1 _aKatzenbach, John
_961313
245 1 3 _aEl psicoanalista
_cJohn Katzenbach ; [traducción Laura Paredes]
260 _aBarcelona (España)
_bEdiciones B
_c2005
300 _a523 páginas
490 0 _aBolsillo Zeta
_v2196/2
650 1 7 _aPsicoterapeuta y paciente
_vNovela
_977879
650 2 7 _aPsicoanálisis
_vNovela
_922781
650 2 7 _aPsicoanalistas
_vFicción
_977880
650 2 7 _aNovela estadounidense
_920501
690 _aLiteratura estadounidense
_918653
700 1 _aParedes, Laura
_etraductor
_977881
942 _2DEWEY
_a18
_cLIBRO
_e1
_h813.54
_mK199ps
999 _c242796
_d242796